Principles of Sufism /

محفوظ في:

المؤلف الرئيسي: Qushayrī, ʻAbd al-Karīm ibn Hawāzin, 986-1072 (مؤلف)

مؤلفون آخرون: Von Schlegell, B. R., Algar, Hamid.

التنسيق: كتاب

اللغة: English
Arabic

منشور في: Berkeley : Mizan Press, c1992.

الموضوعات:

الوسوم: إضافة وسم

لا توجد وسوم, كن أول من يضع وسما على هذه التسجيلة!

رقم الطلب: BP189 .Q7313 1992

LEADER 01152nam a2200325 a 4500
001 2052
003 OSt
005 20251001132445.0
008 130303s1992 cau b 001 0 eng d
010 |a 92082685 
020 |a 0933782209  
035 |a (OCoLC)26722955 
035 |a 1495268 
040 |c ARCE Library 
041 1 |a eng  |h ara 
050 4 |a BP189 .Q7313 1992 
100 1 |6 880-01  |a Qushayrī, ʻAbd al-Karīm ibn Hawāzin,  |d 986-1072,  |e author 
240 1 0 |a Risālah al-Qushayrīyah.   |l English.  |k Selections 
245 1 0 |a Principles of Sufism /   |c by al-Qushayri ; translated from the Arabic by B. R. von Schlegell ; with an introduction by Hamid Algar. 
264 1 |a Berkeley :  |b Mizan Press,  |c c1992. 
300 |a xix, 366 pages ;  |c 22 cm. 
500 |a Translation of : رساله القشيريه.‪‪‪ 
504 |a Includes bibliographical references and index. 
650 0 |a Sufism  |v Early works to 1800. 
700 1 |a Von Schlegell, B. R. 
700 1 |a Algar, Hamid.  |9 25094 
880 1 |6 100-01/(3/r  |a قشيري، عبد الكريم بن هوازن,‪‪‪  |d 986-1072. 
901 |a reviewed 
942 |c BK  |2 lcc 
999 |c 5908  |d 5908